| 000 | 00482nam a2200181Ia 4500 | ||
|---|---|---|---|
| 001 | 7873 | ||
| 005 | 20260306160527.0 | ||
| 008 | 260306t2015||||xx |||||||||||||| ||spa|| | ||
| 041 | _aESP | ||
| 082 |
_a363.45 _bR31 |
||
| 100 |
_aReátegui Rosselló, Javier Edmundo _eAUT |
||
| 245 | 0 |
_aAntidrogas: _bnueva visión para enfrentar con éxito el tráfico ilegal |
|
| 260 | _c2015 | ||
| 300 |
_a103 páginas : _c21 cm. |
||
| 650 | _aGEN | ||
| 654 | _aCAN | ||
| 942 |
_cLIB _dJUS _fJUS _2ddc _n |
||
| 999 |
_c7873 _d7873 |
||